=LDR 00000nam 2200000 4500 =001 INLIS000000000053962 =005 20190509014542 =035 ##$$a 0010-0519000024 =007 ta =008 190509###########################0###### =082 ##$$a 92 =084 ##$$a 92 Mak b =100 #$$a A.Makmur Makka =245 1#$$a B.J.HABIBIE =260 ##$$a jakarta :$b Gma Insani Press =300 ##$$a 131 hlm. =990 ##$$a 08930893 =990 ##$$a 00093469